| 000 | 01460pam a22004091i 4500 | ||
|---|---|---|---|
| 999 |
_c1786 _d1786 |
||
| 001 | 017957325 | ||
| 003 | Uk | ||
| 005 | 20230127110802.0 | ||
| 006 | m || d | | ||
| 007 | cr ||||||||||| | ||
| 008 | 160601s2016 enka jo 000|f|eng|d | ||
| 015 |
_aGBB6A7437 _2bnb |
||
| 020 | _a9780349124247 (pbk.) : | ||
| 037 |
_aHachetteUK257731 _bIngram Content Group |
||
| 040 |
_aStDuBDS _beng _cStDuBDS _dUk _dKH8 _erda _epn |
||
| 042 | _aukblsr | ||
| 082 | 0 | 4 |
_a813.6 DAN _223 |
| 100 | 1 |
_aDaneshvari, Gitty, _eauthor. |
|
| 245 | 1 | 0 |
_aGet smart-ish / _cGitty Daneshvari ; illustrated by James Lancett. |
| 264 | 1 |
_aLondon : _bLittle, Brown Books for Young Readers, _c2016. |
|
| 300 |
_a1 online resource : _billustrations (black and white). |
||
| 336 |
_atext _2rdacontent |
||
| 336 |
_astill image _2rdacontent |
||
| 337 |
_acomputer _2rdamedia |
||
| 338 |
_aonline resource _2rdacarrier |
||
| 490 | 0 |
_aThe League of Unexceptional Children ; _v2 |
|
| 588 | _aDescription based on CIP data; item not viewed. | ||
| 650 | 7 |
_aJUVENILE FICTION / Mysteries & Detective Stories _2bisacsh |
|
| 650 | 7 |
_aJUVENILE FICTION / Humorous Stories _2bisacsh |
|
| 650 | 7 |
_aCrime & mystery fiction (Children's / Teenage) _2bicssc |
|
| 650 | 7 |
_aHumorous stories (Children's / Teenage) _2bicssc |
|
| 655 | 0 | _aSpy stories. | |
| 655 | 0 | _aChildren's stories. | |
| 700 | 1 |
_aLancett, James, _eillustrator. |
|
| 776 | 0 | 8 |
_iPrint version : _z9780349124247 |
| 942 |
_2ddc _cNFIC |
||